The Value of basal metabolism in the diagnosis and treatment of cretinism.

Saved in:
நூற்பட்டியல் விவரங்கள்
தலைமை எழுத்தாளர்: Talbot, Fritz B. 1878-1964.
வடிவம்: புத்தக அத்தியாயம்
மொழி:English
வெளியீடப்பட்டது: Chic. 1923.
பகுதிகள்:
குறியீடுகள்: குறிச்சொல் இணை
குறியீடுகள் இல்லை, இந்த குறிச்சொல்லை முதலில் பதிவு செய்யுங்கள்!
LEADER 00510naa a22001697 4500
001 007732463-3
005 20020606104010.5
008 951101s1923 ilu 000 0 eng d
035 0 |a ocm78903106 
100 1 |a Talbot, Fritz B.  |q (Fritz Bradley),  |d 1878-1964. 
245 1 4 |a The Value of basal metabolism in the diagnosis and treatment of cretinism. 
260 |a Chic.  |c 1923. 
300 |a 15 p. 
600 1 0 |a Moriarty, Margaret E. 
773 0 |t Proctor Fund. Studies on metabolism.  |d 1922-25. 
988 |a 20020608 
906 |0 MH